000 00406nam a22001457a 4500
005 20171010144927.0
008 171010b xxu||||| |||| 00| 0 eng d
040 _cPK-LaUMT
082 _aPKAC 320.95491
_bALI-G
100 _aAli Khalid , Muhammad
245 _aG,H,Q, siyasat/
_cMuhammad Ali Khalid
260 _aحیدرآباد:
_bمسیحا پبلیکیشنز،
_c1988
300 _a416 ص
942 _cBK
999 _c99044
_d99044